000 00740nam a2200217Ii 4500
003 JO-AjNU
008 230605s9999||||xx |||||||||||||| ||und||
017 _a12701
020 _a977-5160-98-2
040 _aJO-AjNU
_bara
_erda
_cJO-AjNU
041 _aara
050 1 4 _aKRM1869.S434.2011
100 3 _aالشريف ، حامد,
_eauthor
_934146
245 0 0 _aكنوز المرافعات المكتوبة أمام القضاء الجنائى
264 3 1 _aالاسكندرية :دار الفكرالجامعى،2011
300 _a1300ص
336 _atext
_btxt
_2rdacontent
337 _aunmediated
_bn
_2rdamedia
338 _avolume
_bnc
_2rdacarrier
650 4 _aالقضاء الجنائي -- قوانين وتشريعات
_934147
999 _aA13968
_c17536
_d17536